| 000 | 00706nam a2200253Ia 4500 | ||
|---|---|---|---|
| 003 | OSt | ||
| 005 | 20221006142652.0 | ||
| 006 | a|||||r|||| 00| 0 | ||
| 007 | ta | ||
| 008 | 221006b |||||||| |||| 00| 0 eng d | ||
| 020 | _c1998.50 | ||
| 024 | _a6,889 | ||
| 037 | _cTextual | ||
| 040 |
_aEASL _cEASL _beng |
||
| 041 |
_2eng _aeng |
||
| 082 | _aY:341.41.N94, N5 | ||
| 100 |
_aSTAFFORD Charles _918597 |
||
| 245 | 0 |
_aRoads of Chinese childhood _b Learning and identification in angang |
|
| 260 |
_aCambridge _bUniversity of Cambrudge _c1995 |
||
| 300 |
_a213p. _ccm. |
||
| 490 | _v CEL | ||
| 942 |
_hY:341.41.N94, N5 _cTEXL _2CC |
||
| 999 |
_c1074975 _d1074975 |
||